| 000 | 00343nam a2200121Ia 4500 | ||
|---|---|---|---|
| 008 | 250110s9999 xx 000 0 und d | ||
| 041 | _aeng | ||
| 100 |
_aJadhao Pooja _9182877 |
||
| 245 | _aDesign Intervention For Revaitaling The Brown Field | ||
| 260 |
_bM Arch Digital BNCA, Pune _c2016 |
||
| 300 | _a59p | ||
| 700 |
_aGuide Name:BNCA _9210554 |
||
| 999 |
_c363746 _d363746 |
||